Classic Horror Movies - Statistics

General Stats
  • This quiz has been taken 447 times
  • The average score is 3 of 10
Answer Stats
Hint Answer % Correct
(1968) "They Just Won't Stay Dead" Night of the Living Dead
78%
(1982) "They're Here" Poltergeist
71%
(1984) "If Nancy Doesn't Wake Up Screaming, She Won't Wake Up At All..." A Nightmare On Elm Street
50%
(1990) "Eight Legs, Two Fangs, And An Attitude" Arachnophobia
32%
(1989) "Sometimes, Dead Is Better" Pet Sematary
28%
(2009) [Remake] "Bad Luck?...You Don't Know The Half Of What You're In For." Friday the 13th
25%
(2001) "Evil Has An Upgrade" Jason X
15%
(1974) "If This Movie Doesn't Make Your Skin Crawl...It's On Too Tight" Black Christmas
14%
(1990) "His Story Will Touch You, Even Though He Can't" Edward Scissorhands
9%
(1999) "Part Mystery. Part Thriller. Parts Missing." Lake Placid
4%
No matching quizzes found
Score Distribution
Percent of People with Each Score
Percentile by Number Answered
Your Score History
You have not taken this quiz